| 000 | 00747nam a2200241Ia 4500 | ||
|---|---|---|---|
| 003 | IN-BaIIA | ||
| 008 | 211028s9999 xx 000 0 eng d | ||
| 020 | _a0-521-30429-6 | ||
| 040 | _cIIA Library | ||
| 080 |
_a531 _bOLE |
||
| 100 |
_aOlenick, Richard P _914509 |
||
| 245 | 4 |
_aThe mechanical universe _bintroduction to mechanics and heat _cRichard P Olenick, Tom M Apostol and David L Goodstein |
|
| 260 |
_aCambridge _bCambridge University Press _c1985 |
||
| 300 | _axvii, 584p. | ||
| 650 |
_aHeat _92417 |
||
| 650 |
_aMechanical properties _95370 |
||
| 650 |
_aMechanical resolution _914510 |
||
| 650 | _aMechanics | ||
| 650 | _aNASA Thesaurus | ||
| 700 |
_aApostol, Tom M. _914511 |
||
| 700 |
_aGoodstein, David L. _914512 |
||
| 942 | _cBK | ||
| 999 |
_c8644 _d8644 |
||